000 00381nam a22001337a 4500
008 240228b |||||||| |||| 00| 0 eng d
020 _a9780061241895
082 _a303.3 CIA
100 _aCialdini, Robert B.
245 _aThe Psychology Influence of Persuasion:
260 _aUnited States of America:
_bHarper Collins,
_c2007.
300 _aviii. 320 p:
_c20.5 Cm
942 _2ddc
999 _c9785
_d9786